<?xml version="1.0" encoding="UTF-8"?>
<collection xmlns:xsi="http://www.w3.org/2001/XMLSchema-instance" xsi:schemaLocation="http://www.loc.gov/MARC21/slim http://www.loc.gov/standards/marcxml/schema/MARC21slim.xsd" xmlns="http://www.loc.gov/MARC21/slim">
 <record>
  <leader>00000ctm a22000004a 4500</leader>
  <controlfield tag="001">UP-99796217605976622</controlfield>
  <controlfield tag="003">Buklod</controlfield>
  <controlfield tag="005">20230503092542.0</controlfield>
  <controlfield tag="006">m     o  j        </controlfield>
  <controlfield tag="007">ta</controlfield>
  <controlfield tag="008">030101s        xx      r    |000 u|eng d</controlfield>
  <datafield tag="035" ind1=" " ind2=" ">
   <subfield code="a">(iLib)UPD-00000368868</subfield>
  </datafield>
  <datafield tag="041" ind1=" " ind2=" ">
   <subfield code="a">eng</subfield>
  </datafield>
  <datafield tag="090" ind1=" " ind2=" ">
   <subfield code="a">LG 995 2000 L4</subfield>
   <subfield code="b">O44</subfield>
  </datafield>
  <datafield tag="100" ind1="1" ind2=" ">
   <subfield code="a">Omega, Modesta M.</subfield>
   <subfield code="e">author.</subfield>
  </datafield>
  <datafield tag="245" ind1="1" ind2="0">
   <subfield code="a">Marina G. Dayrit</subfield>
   <subfield code="b">portrait of a university librarian</subfield>
   <subfield code="c">Modesta M. Omega ; Herminia H. Santos, adviser ; Salvacion M. Arlante, reader.</subfield>
  </datafield>
  <datafield tag="264" ind1=" " ind2="1">
   <subfield code="a">Quezon City : Institute of Library Science, University of the Philippines Diliman</subfield>
   <subfield code="c">2000.</subfield>
  </datafield>
  <datafield tag="300" ind1=" " ind2=" ">
   <subfield code="a">xi, 99 leaves</subfield>
   <subfield code="b">illustrations (some color)</subfield>
  </datafield>
  <datafield tag="500" ind1=" " ind2=" ">
   <subfield code="a">Vita.</subfield>
  </datafield>
  <datafield tag="502" ind1=" " ind2=" ">
   <subfield code="a">Special Problem (Master of Library Science)--University of the Philippines Diliman</subfield>
   <subfield code="d">May 2000.</subfield>
  </datafield>
  <datafield tag="520" ind1="3" ind2=" ">
   <subfield code="a">This is a biographical study of Marina G. Dayrit, University Librarian of the University of the Philippines (U.P.) from 1962 to 1981. The study describes, in chronological sequence, Dayrit's life and career in U.P. beginning with a library apprenticeship in 1937 to assistant university librarian in 1960, and university librarian in 1962. It primarily focuses on her most significant achievements and contributions to the development of the University of the Philippines Library as University Librarian, from 1962 to 1981. It also explores her role and involvement in various library associations, namely, the Philippine Associations of Academic and Research Librarians (PAARL), the Association of Special Librarians in the Philippines (ASLP), and the Congress of Southeast Asian Librarians (CONSAL). Also included is an annotated bibliography of her works (speeches and writings) from 1956 to 1981. Aside from the extensive use of Dayrit's personal papers in the U.P. archives, interviews with Miss Dayrit herself, personal recollections of her colleagues, friends and UP library personnel who worked directly with her were also taken into account in the observation of her career, and professional and non-professional activities.</subfield>
  </datafield>
  <datafield tag="520" ind1="3" ind2=" ">
   <subfield code="a">The study shows that after almost twenty years of heading the U.P. Library, Miss Dayrit was able to develop among her staff a healthy attitude and dedication towards their work. The tremendous growth of the library's collection, the development of its Filipiniana and vernacular collections, the preservation of rare and important materials in microfilms, and the establishment of the university archives - are marks of her monumental achievements of successful library management. She was distinguished as president of ASLP, the founding president of PAARL, and a founding member of CONSAL.</subfield>
  </datafield>
  <datafield tag="650" ind1=" " ind2="0">
   <subfield code="a">Dayrit, Marina G.</subfield>
  </datafield>
  <datafield tag="650" ind1=" " ind2="0">
   <subfield code="a">University of the Philippines</subfield>
   <subfield code="x">Library</subfield>
   <subfield code="x">Officials and employees</subfield>
   <subfield code="x">Biography.</subfield>
  </datafield>
  <datafield tag="700" ind1="1" ind2=" ">
   <subfield code="a">Santos, Herminia H.</subfield>
   <subfield code="e">adviser.</subfield>
  </datafield>
  <datafield tag="700" ind1="1" ind2=" ">
   <subfield code="a">Arlante, Salvacion M.</subfield>
   <subfield code="e">areader.</subfield>
  </datafield>
  <datafield tag="842" ind1=" " ind2=" ">
   <subfield code="a">Thesis</subfield>
  </datafield>
  <datafield tag="905" ind1=" " ind2=" ">
   <subfield code="a">FI</subfield>
  </datafield>
  <datafield tag="905" ind1=" " ind2=" ">
   <subfield code="a">UP</subfield>
  </datafield>
  <datafield tag="852" ind1="0" ind2=" ">
   <subfield code="a">UPD</subfield>
   <subfield code="b">DLS</subfield>
   <subfield code="h">LG 995 2000 L4 O44</subfield>
  </datafield>
  <datafield tag="942" ind1=" " ind2=" ">
   <subfield code="a">Thesis</subfield>
  </datafield>
 </record>
</collection>
